000 00641nam a2200217Ia 4500
005 20250508170114.0
008 008 250505s9999 xx 000 0 eng d
020 _a978-93-89740-91-2
037 _aReference
040 _aFEDL
_beng
_cFEDL
041 _aeng
_2eng
084 _a371.2, HAT/RR
_qFEDL
100 _aHatch Thomas
_9783025
245 0 _aEducation we need for a future we can't predict
260 _aThousand Oaks, Calfornia
_bCorwin Press
_c2021
300 _axxxvi, 205p.
365 _b31.95
700 _a Corson Jordan Gerth Sarah
_9783026
942 _cREF
_h371.2, HAT/RR
999 _c1399245
_d1399245